[Event "Sainte Adele Superfest U2000"]
[Site "Sainte Adele CAN"]
[Date "2012.08.19"]
[Round "5"]
[White "Brule, Daniel"]
[Black "Maheux, Pierre"]
[Result "1-0"]
[WhiteElo "1513"]
[BlackElo "1894"]
[PlyCount "73"]
[GameId "2160767909445525"]
[EventDate "2012.08.15"]
[EventType "swiss"]
[EventRounds "5"]
[EventCountry "CAN"]
[SourceTitle "EXT 2022"]
[Source "ChessBase"]
[SourceDate "2021.10.06"]
[SourceVersion "1"]
[SourceVersionDate "2021.10.06"]
[SourceQuality "1"]

1. d4 c5 2. d5 e5 3. dxe6 fxe6 4. c4 Nf6 5. g3 Be7 6. Bg2 O-O 7. Nc3 Nc6 8. Nf3 d5 9. cxd5 exd5 10. Nd2 Be6 11. O-O Qd7 12. e4 d4 13. Ne2 Bh3 14. Nf4 Bxg2 15. Qb3+ Kh8 16. Kxg2 Bd6 17. Nf3 Rae8 18. Ng5 Nd8 19. Qd3 b5 20. Re1 Be5 21. Nd5 c4 22. Nxf6 gxf6 23. Qd2 fxg5 24. Qxg5 Bf6 25. Qh5 Re5 26. Qh6 Bg7 27. Qa6 Rh5 28. h4 d3 29. Bd2 Bxb2 30. Rab1 c3 31. Rxb2 cxb2 32. Bc3+ Kg8 33. Bxb2 d2 34. Rd1 Qd3 35. Qxa7 Qxe4+ 36. Kh2 Qe2 37. Qg7# 1-0

[Event "Sainte Adele Superfest U2000"]
[Site "Sainte Adele CAN"]
[Date "2012.08.19"]
[Round "5"]
[White "Cetta, Andrea"]
[Black "Touboul, Bertrand"]
[Result "1-0"]
[WhiteElo "1839"]
[BlackElo "1725"]
[PlyCount "145"]
[GameId "2160767909445526"]
[EventDate "2012.08.15"]
[EventType "swiss"]
[EventRounds "5"]
[EventCountry "CAN"]
[SourceTitle "EXT 2022"]
[Source "ChessBase"]
[SourceDate "2021.10.06"]
[SourceVersion "1"]
[SourceVersionDate "2021.10.06"]
[SourceQuality "1"]

1. d4 d5 2. c4 dxc4 3. e4 c5 4. d5 Nf6 5. Nc3 b5 6. Nxb5 Nxe4 7. Bxc4 Nd6 8. Nxd6+ exd6 9. Ne2 Be7 10. O-O O-O 11. Bf4 Nd7 12. Nc3 Nb6 13. Bd3 Re8 14. Re1 Bb7 15. Re3 Bf8 16. Rh3 g6 17. Bb5 Nd7 18. Qd2 Qc7 19. Bh6 Re7 20. Bxd7 Qxd7 21. Bxf8 Rxf8 22. Re1 Rfe8 23. Rhe3 Rxe3 24. Rxe3 Rxe3 25. Qxe3 Kg7 26. a3 Qd8 27. b4 Qb6 28. f4 Kf8 29. Kf2 cxb4 30. Qxb6 axb6 31. axb4 Ke7 32. Ke3 Kd8 33. Kd4 Bc8 34. g3 h5 35. h4 Bd7 36. Ne4 Ke7 37. Kc4 Ba4 38. Nd2 Kd8 39. Nf3 Bd7 40. Nd4 Kc7 41. Nb3 Bh3 42. Nd4 Bf1+ 43. Kb3 b5 44. Kc3 Bc4 45. Kd2 Kb6 46. Ke3 Bxd5 47. f5 Bc4 48. fxg6 fxg6 49. Kf4 Kc7 50. Kg5 Bd3 51. Ne6+ Kc6 52. Nf4 Bc2 53. Nxg6 Bd1 54. Nf4 d5 55. Nxh5 d4 56. Nf4 Bc2 57. h5 d3 58. Nxd3 Bxd3 59. Kf6 Kd5 60. g4 Kc4 61. g5 Kxb4 62. g6 Ka3 63. h6 Bxg6 64. Kxg6 b4 65. h7 b3 66. h8=Q b2 67. Qa8+ Kb3 68. Qd5+ Kc2 69. Qc4+ Kd2 70. Qb3 Kc1 71. Qc3+ Kb1 72. Kf5 Ka2 73. Qc2 1-0

[Event "Sainte Adele Superfest U2000"]
[Site "Sainte Adele CAN"]
[Date "2012.08.19"]
[Round "5"]
[White "Gedajlovic, Max"]
[Black "Villeneuve, Robert"]
[Result "0-1"]
[WhiteElo "1823"]
[BlackElo "1886"]
[PlyCount "104"]
[GameId "2160767909445527"]
[EventDate "2012.08.15"]
[EventType "swiss"]
[EventRounds "5"]
[EventCountry "CAN"]
[SourceTitle "EXT 2022"]
[Source "ChessBase"]
[SourceDate "2021.10.06"]
[SourceVersion "1"]
[SourceVersionDate "2021.10.06"]
[SourceQuality "1"]

1. d4 d5 2. c4 c6 3. Nf3 Nf6 4. Nc3 e6 5. e3 Nbd7 6. Qc2 Bd6 7. Be2 O-O 8. O-O Re8 9. cxd5 exd5 10. a4 Ne4 11. b3 Qe7 12. Nxe4 dxe4 13. Nd2 Nf6 14. g3 Qe6 15. f4 Qh3 16. Nc4 Bc7 17. Ne5 Bf5 18. Bc4 Bxe5 19. fxe5 Nd5 20. Qf2 Bg6 21. Qg2 Qd7 22. Bd2 Nc7 23. h3 Ne6 24. d5 Ng5 25. e6 fxe6 26. dxe6 Nxe6 27. Rad1 Qe7 28. Bc3 Kh8 29. Qb2 Nc5 30. Bb4 Qg5 31. Bxc5 Qxc5 32. Rd7 Re7 33. Rfd1 Rf8 34. Rxe7 Qxe7 35. Qd4 h5 36. Qxa7 Qe5 37. Kg2 Qb2+ 38. Kh1 Rf2 39. Qb8+ Kh7 40. g4 Qf6 41. Qg3 Qf3+ 42. Qxf3 Rxf3 43. Kg2 Rxe3 44. gxh5 Bxh5 45. Rd4 Rc3 46. Kf1 Bf3 47. Bf7 Kh6 48. Rd6+ Kg5 49. Kf2 Kf4 50. Kg1 e3 51. Rd4+ Kg3 52. Rc4 e2 0-1

[Event "Sainte Adele Superfest U2000"]
[Site "Sainte Adele CAN"]
[Date "2012.08.19"]
[Round "5"]
[White "Girard, Sylvain"]
[Black "Bluteau, Yvon"]
[Result "1-0"]
[WhiteElo "1659"]
[BlackElo "1862"]
[PlyCount "79"]
[GameId "2160767909445528"]
[EventDate "2012.08.15"]
[EventType "swiss"]
[EventRounds "5"]
[EventCountry "CAN"]
[SourceTitle "EXT 2022"]
[Source "ChessBase"]
[SourceDate "2021.10.06"]
[SourceVersion "1"]
[SourceVersionDate "2021.10.06"]
[SourceQuality "1"]

1. e4 c5 2. Nf3 Nf6 3. e5 Nd5 4. d4 cxd4 5. Nxd4 Nc6 6. f4 g6 7. c4 Ndb4 8. a3 Nxd4 9. axb4 Ne6 10. Bd3 Qb6 11. Nc3 Bg7 12. Nd5 Qd4 13. Be3 Qxb2 14. O-O O-O 15. Rf2 Qxf2+ 16. Bxf2 d6 17. Nxe7+ Kh8 18. Nxc8 Rfxc8 19. Bg3 dxe5 20. fxe5 Rd8 21. Qf3 Rd7 22. h3 Kg8 23. Ra5 Ng5 24. Qe3 Ne6 25. Rd5 Rc7 26. Bf1 b6 27. Qd3 a5 28. bxa5 bxa5 29. Rd7 Rcc8 30. Qf3 Rf8 31. Qf2 f6 32. Qb6 Rfe8 33. c5 Rab8 34. Qxa5 Kh8 35. exf6 Bxf6 36. Bxb8 Rxb8 37. Qa7 Rf8 38. Rxh7+ Kg8 39. Bc4 Bd4+ 40. Kh1 1-0

[Event "Sainte Adele Superfest U2000"]
[Site "Sainte Adele CAN"]
[Date "2012.08.19"]
[Round "5"]
[White "Giroux, Robert"]
[Black "Duplessis, Jean-Roch"]
[Result "1/2-1/2"]
[WhiteElo "1870"]
[BlackElo "1676"]
[PlyCount "118"]
[GameId "2160767909445529"]
[EventDate "2012.08.15"]
[EventType "swiss"]
[EventRounds "5"]
[EventCountry "CAN"]
[SourceTitle "EXT 2022"]
[Source "ChessBase"]
[SourceDate "2021.10.06"]
[SourceVersion "1"]
[SourceVersionDate "2021.10.06"]
[SourceQuality "1"]

1. d4 Nf6 2. Nf3 e6 3. e3 c5 4. Bd3 Nc6 5. O-O d5 6. b3 cxd4 7. exd4 Be7 8. Bb2 O-O 9. Nbd2 Nb4 10. Be2 Nd7 11. a3 Nc6 12. Bd3 Bf6 13. c4 Re8 14. Re1 a5 15. Qc2 Nf8 16. cxd5 exd5 17. Rxe8 Qxe8 18. Rf1 Be6 19. Ne5 Nxe5 20. dxe5 Rc8 21. Qb1 Be7 22. Nf3 Bc5 23. Nd4 Bxd4 24. Bxd4 Qe7 25. Qb2 Ng6 26. Bxg6 hxg6 27. Rc1 Rxc1+ 28. Qxc1 b5 29. f3 a4 30. bxa4 bxa4 31. Qe3 Qb7 32. h3 Qe7 33. g4 g5 34. Kg2 Qd8 35. Kg3 g6 36. Qd2 Kg7 37. Kg2 Qe7 38. Qc1 Qd7 39. Qxg5 Qb5 40. Qf6+ Kg8 41. Qd8+ Kg7 42. Qf6+ Kg8 43. Qd8+ Kg7 44. Bf2 Qb2 45. Qd6 d4 46. Kg3 d3 47. Be1 Qb1 48. Bb4 Qg1+ 49. Kh4 Qe3 50. Bc5 Qxf3 51. Qf8+ Kh7 52. Kg5 Qxh3 53. Kf6 Qf3+ 54. Ke7 d2 55. g5 Qh5 56. Kf6 Qf3+ 57. Ke7 Qb3 58. Kd6 Qd3+ 59. Ke7 Qe4 1/2-1/2

[Event "Sainte Adele Superfest U2000"]
[Site "Sainte Adele CAN"]
[Date "2012.08.19"]
[Round "5"]
[White "Plante, Marc-Eric"]
[Black "Vanden, Ronald E"]
[Result "1-0"]
[WhiteElo "1704"]
[BlackElo "1707"]
[PlyCount "67"]
[GameId "2160767909445530"]
[EventDate "2012.08.15"]
[EventType "swiss"]
[EventRounds "5"]
[EventCountry "CAN"]
[SourceTitle "EXT 2022"]
[Source "ChessBase"]
[SourceDate "2021.10.06"]
[SourceVersion "1"]
[SourceVersionDate "2021.10.06"]
[SourceQuality "1"]

1. e4 Nf6 2. e5 Nd5 3. d4 d6 4. Nf3 dxe5 5. Nxe5 g6 6. Be2 c6 7. O-O Bg7 8. c4 Nb6 9. Nc3 O-O 10. Be3 Be6 11. b3 f6 12. Ng4 Bf7 13. Nh6+ Bxh6 14. Bxh6 Re8 15. f4 N8d7 16. f5 Nf8 17. fxg6 Nxg6 18. Ne4 Nd7 19. Bg4 Qc7 20. Qf3 c5 21. Bxd7 Qxd7 22. Qxf6 Qxd4+ 23. Qxd4 cxd4 24. Ng5 Ne5 25. Rae1 Nd3 26. Rxf7 Rf8 27. Rg7+ Kh8 28. Rxh7+ Kg8 29. Rg7+ Kh8 30. Rexe7 Rf1+ 31. Kxf1 Rf8+ 32. Nf7+ Rxf7+ 33. Rexf7 Ne5 34. Rf8# 1-0

[Event "Sainte Adele Superfest U2000"]
[Site "Sainte Adele CAN"]
[Date "2012.08.19"]
[Round "5"]
[White "Shi, Ling Yun"]
[Black "Marghetis, Aris"]
[Result "1/2-1/2"]
[WhiteElo "1562"]
[BlackElo "1923"]
[PlyCount "49"]
[GameId "2160767909445531"]
[EventDate "2012.08.15"]
[EventType "swiss"]
[EventRounds "5"]
[EventCountry "CAN"]
[SourceTitle "EXT 2022"]
[Source "ChessBase"]
[SourceDate "2021.10.06"]
[SourceVersion "1"]
[SourceVersionDate "2021.10.06"]
[SourceQuality "1"]

1. e4 Nf6 2. Nc3 d5 3. e5 d4 4. exf6 dxc3 5. dxc3 Qxd1+ 6. Kxd1 gxf6 7. Nf3 e5 8. Be3 Bf5 9. Bc4 Nd7 10. Nh4 Be6 11. Bxe6 fxe6 12. Ke2 Bd6 13. Nf3 Nb6 14. Nd2 Rg8 15. g3 f5 16. Rhg1 Kf7 17. Bxb6 axb6 18. Nc4 Rgd8 19. a3 e4 20. Nxd6+ Rxd6 21. Rad1 Rad8 22. Rxd6 Rxd6 23. Rd1 Rxd1 24. Kxd1 e5 25. Ke2 1/2-1/2

[Event "Scarborough CC Falling Leaves"]
[Site "Toronto CAN"]
[Date "2012.11.22"]
[Round "4"]
[White "Southam, David"]
[Black "Picana, Andrew"]
[Result "1-0"]
[WhiteElo "2233"]
[BlackElo "2171"]
[PlyCount "78"]
[GameId "2160767909411642"]
[EventDate "2012.11.01"]
[EventType "swiss"]
[EventRounds "7"]
[EventCountry "CAN"]

1. d4 Nf6 2. c4 c5 3. d5 d6 4. Nc3 g6 5. e4 Bg7 6. Bd3 O-O 7. h3 e6 8. Nf3 exd5 9. cxd5 Re8 10. O-O Na6 11. Re1 Nc7 12. a4 a6 13. Bf4 b6 14. Bh2 Nh5 15. Bf1 Rf8 16. Qb3 Rb8 17. e5 dxe5 18. Nxe5 Bxe5 19. Bxe5 Bb7 20. Rad1 Ba8 21. d6 Ne6 22. Nd5 Bxd5 23. Qxd5 Qd7 24. b3 b5 25. axb5 axb5 26. Qf3 Qb7 27. Qe3 f6 28. Bb2 Nhg7 29. g3 Qd7 30. Bg2 Kh8 31. Qe4 Rbd8 32. h4 Kg8 33. Qd5 Rf7 34. Bh3 Re8 35. Re3 f5 36. Rde1 Kf8 37. Bxg7+ Nxg7 38. Rxe8+ Nxe8 39. Qe5 Rf6 1-0

[Event "Scarborough CC Falling Leaves"]
[Site "Toronto CAN"]
[Date "2012.11.22"]
[Round "4"]
[White "Wiebe, Daniel"]
[Black "Zotkin, Daniel"]
[Result "0-1"]
[WhiteElo "2097"]
[BlackElo "1845"]
[PlyCount "56"]
[GameId "2160767909411643"]
[EventDate "2012.11.01"]
[EventType "swiss"]
[EventRounds "7"]
[EventCountry "CAN"]

1. e4 d5 2. exd5 Nf6 3. c4 c6 4. d4 cxd5 5. Nc3 e6 6. Nf3 Bb4 7. cxd5 exd5 8. Qa4+ Nc6 9. Bb5 Bd7 10. O-O Bxc3 11. bxc3 Ne4 12. Qc2 O-O 13. Ba3 Re8 14. c4 dxc4 15. Bxc4 Bg4 16. Ne5 Nxe5 17. dxe5 Nd2 18. Bd6 Nxf1 19. Rxf1 Be6 20. Bd3 h6 21. f4 Qb6+ 22. Bc5 Qa5 23. f5 Bxa2 24. f6 Rac8 25. Rc1 b6 26. Bh7+ Kh8 27. Qf5 Rxc5 28. Rf1 Rcxe5 0-1

[Event "Scarborough CC Falling Leaves U1400"]
[Site "Toronto CAN"]
[Date "2012.11.01"]
[Round "1"]
[White "Chen, Taoyin"]
[Black "Pishdad, Hassan"]
[Result "0-1"]
[WhiteElo "900"]
[BlackElo "1289"]
[PlyCount "47"]
[GameId "2160767909411644"]
[EventDate "2012.11.01"]
[EventType "swiss"]
[EventRounds "7"]
[EventCountry "CAN"]

1. e4 c5 2. Nc3 e6 3. d4 cxd4 4. Qxd4 Nc6 5. Qd1 Bb4 6. Nf3 Nf6 7. a3 Bxc3+ 8. bxc3 Nxe4 9. Bd3 Nxc3 10. Ng5 Nxd1 11. Kxd1 h6 12. Ne4 d5 13. Nc5 Qa5 14. Nb3 Qc7 15. g3 e5 16. f3 O-O 17. Bd2 Be6 18. h3 e4 19. fxe4 dxe4 20. Bxe4 Bxb3 21. Bf4 Qd7+ 22. Bd3 Qxd3+ 23. Ke1 Rfe8+ 24. Kf2 0-1

[Event "Scarborough CC Falling Leaves U1400"]
[Site "Toronto CAN"]
[Date "2012.11.08"]
[Round "2"]
[White "Pishdad, Hassan"]
[Black "Wang, Michael"]
[Result "1-0"]
[WhiteElo "1289"]
[BlackElo "1000"]
[PlyCount "117"]
[GameId "2160767909411645"]
[EventDate "2012.11.01"]
[EventType "swiss"]
[EventRounds "7"]
[EventCountry "CAN"]

1. d4 d5 2. c4 c6 3. e3 Bf5 4. cxd5 cxd5 5. Nc3 Nf6 6. Bd3 Bxd3 7. Qxd3 Nc6 8. a3 a6 9. Nf3 e6 10. O-O Bd6 11. e4 dxe4 12. Nxe4 h6 13. Rd1 O-O 14. b4 Nxe4 15. Qxe4 Re8 16. Bb2 Qc7 17. d5 exd5 18. Qxd5 Rad8 19. Qf5 Qd7 20. Qc2 Qc7 21. Rac1 Bf4 22. Qc3 f6 23. Rxd8 Qxd8 24. Qc4+ Kh8 25. Qxf4 Re2 26. Ba1 Rc2 27. g3 Rxc1+ 28. Qxc1 Qd3 29. Ne1 Qe4 30. f3 Qe2 31. f4 Qe4 32. Ng2 Nd4 33. Bxd4 Qxd4+ 34. Qe3 Qa1+ 35. Kf2 Qb2+ 36. Kf3 Qc2 37. g4 Qc6+ 38. Kg3 Kg8 39. f5 Qd6+ 40. Nf4 Kf7 41. Qe6+ Qxe6 42. fxe6+ Ke7 43. Kf3 g5 44. Nd3 b6 45. Ke4 Kxe6 46. h3 h5 47. gxh5 f5+ 48. Kd4 Kf6 49. Kd5 Kg7 50. Kc6 Kh6 51. Kxb6 Kxh5 52. Kxa6 g4 53. hxg4+ fxg4 54. Nf4+ Kg5 55. Ng2 g3 56. b5 Kg4 57. b6 Kh3 58. b7 Kxg2 59. b8=Q 1-0

[Event "Scarborough CC Falling Leaves U1400"]
[Site "Toronto CAN"]
[Date "2012.11.15"]
[Round "3"]
[White "Huang, Patrick"]
[Black "Pishdad, Hassan"]
[Result "0-1"]
[WhiteElo "1155"]
[BlackElo "1289"]
[PlyCount "61"]
[GameId "2160767909411646"]
[EventDate "2012.11.01"]
[EventType "swiss"]
[EventRounds "7"]
[EventCountry "CAN"]

1. e4 c5 2. d4 cxd4 3. c3 dxc3 4. Nxc3 e5 5. Nf3 f6 6. Nxe5 g6 7. Nf3 Bb4 8. Bc4 Ne7 9. O-O Qc7 10. Qb3 Nbc6 11. Bh6 Ne5 12. Nxe5 d5 13. Bb5+ Nc6 14. Nxc6 bxc6 15. Bxc6+ Qxc6 16. Qxb4 a5 17. Qd4 Kf7 18. f4 dxe4 19. Nxe4 Bf5 20. Nd6+ Ke7 21. Nxf5+ gxf5 22. Rfe1+ Kf7 23. Rac1 Qb7 24. Qd3 Kg6 25. Re6 Kxh6 26. Qxf5 Rhg8 27. Rxf6+ Rg6 28. Rxg6+ hxg6 29. Qh3+ Kg7 30. Rd1 Rh8 31. Rd7+ 0-1

[Event "Scarborough CC Falling Leaves U1400"]
[Site "Toronto CAN"]
[Date "2012.11.23"]
[Round "4"]
[White "Souchko, Larissa"]
[Black "Pishdad, Hassan"]
[Result "1-0"]
[WhiteElo "1084"]
[BlackElo "1238"]
[PlyCount "55"]
[GameId "2160767909411647"]
[EventDate "2012.11.01"]
[EventType "swiss"]
[EventRounds "7"]
[EventCountry "CAN"]

1. e4 e6 2. d4 d5 3. Nc3 Bb4 4. Bd3 Nc6 5. Nf3 dxe4 6. Bxe4 Nge7 7. O-O f5 8. Bxc6+ Nxc6 9. Qd3 O-O 10. a3 Ba5 11. Re1 Ne7 12. Bd2 c6 13. Ng5 Qd6 14. Re2 Bc7 15. Qh3 h6 16. Nf3 Ng6 17. Rd1 f4 18. Ne4 Qe7 19. Qh5 Qf7 20. Rde1 Qf5 21. Qxf5 Rxf5 22. Bc3 Ne7 23. Nc5 Rxc5 24. dxc5 Nd5 25. Be5 Bd8 26. c4 Ba5 27. Rd1 Nc7 28. b4 1-0

[Event "Scarborough CC Falling Leaves U1400"]
[Site "Toronto CAN"]
[Date "2012.12.06"]
[Round "6"]
[White "Pishdad, Hassan"]
[Black "Deng, Yi"]
[Result "0-1"]
[WhiteElo "1289"]
[BlackElo "1083"]
[PlyCount "68"]
[GameId "2160767909411648"]
[EventDate "2012.11.01"]
[EventType "swiss"]
[EventRounds "7"]
[EventCountry "CAN"]

1. d4 d5 2. c4 c6 3. e3 Nf6 4. cxd5 cxd5 5. Nc3 e6 6. Bb5+ Bd7 7. Bd3 Bb4 8. Nge2 Nc6 9. O-O e5 10. e4 dxe4 11. Nxe4 exd4 12. a3 Be7 13. Re1 O-O 14. b4 a6 15. Bb2 Be6 16. Bc2 Nxe4 17. Bxe4 Bf6 18. Bxc6 bxc6 19. Nxd4 Bc8 20. Rb1 Bb7 21. Qd3 Qd5 22. f3 Rad8 23. Red1 c5 24. bxc5 Qxc5 25. Rbc1 Qb6 26. Rc2 Rd5 27. Qe3 Rfd8 28. Rcd2 Bg5 29. f4 Bf6 30. Kh1 Bxd4 31. Bxd4 Qc6 32. Qc3 Qg6 33. Rg1 Qg4 34. Qe3 Rb5 0-1

[Event "Scarborough CC Falling Leaves U1400"]
[Site "Toronto CAN"]
[Date "2012.12.13"]
[Round "7"]
[White "Jimenez, Michael"]
[Black "Pishdad, Hassan"]
[Result "0-1"]
[WhiteElo "956"]
[BlackElo "1289"]
[PlyCount "120"]
[GameId "2160767909411649"]
[EventDate "2012.11.01"]
[EventType "swiss"]
[EventRounds "7"]
[EventCountry "CAN"]

1. e4 e6 2. d4 d5 3. Nc3 Bb4 4. a3 Bxc3+ 5. bxc3 dxe4 6. Qg4 g6 7. Qxe4 Nc6 8. Bb5 Qd5 9. Qxd5 exd5 10. Bf4 Kd8 11. Nf3 f6 12. O-O Bf5 13. Rac1 Nge7 14. Rfe1 g5 15. Bg3 Re8 16. Bxc6 bxc6 17. Re2 Kd7 18. Rb1 Rab8 19. Rb4 Be4 20. Kf1 Nf5 21. Ne1 Nxg3+ 22. hxg3 Rb5 23. Nd3 Bxg2+ 24. Ke1 Rxe2+ 25. Kxe2 a5 26. Rxb5 cxb5 27. f3 h5 28. Kf2 Bh3 29. g4 hxg4 30. Kg3 f5 31. Ne5+ Ke6 32. fxg4 fxg4 33. Nxg4 Bxg4 34. Kxg4 Kf6 35. Kg3 Kf5 36. Kf3 g4+ 37. Kg3 a4 38. Kf2 Kf4 39. Kg2 g3 40. Kg1 Kf3 41. Kf1 g2+ 42. Kg1 c6 43. c4 dxc4 44. c3 Ke3 45. Kxg2 Kd3 46. Kf1 Kxc3 47. Ke1 Kb3 48. Kd1 Kxa3 49. Kc1 Kb3 50. Kb1 b4 51. Ka1 Kc3 52. Kb1 a3 53. Ka1 Kxd4 54. Ka2 Kd3 55. Ka1 c3 56. Ka2 c2 57. Kb3 c1=Q 58. Ka4 a2 59. Kb3 Qb1+ 60. Ka4 a1=Q# 0-1

[Event "Scarborough CC Falling Leaves U1800"]
[Site "Toronto CAN"]
[Date "2012.11.01"]
[Round "1"]
[White "Armstrong, Robert J"]
[Black "Graham, John"]
[Result "1-0"]
[WhiteElo "1606"]
[BlackElo "1409"]
[PlyCount "87"]
[GameId "2160767909572858"]
[EventDate "2012.01.11"]
[EventType "swiss"]
[EventRounds "7"]
[EventCountry "CAN"]

1. g3 Nf6 2. Bg2 Nc6 3. c4 e5 4. Qb3 Bc5 5. Nc3 O-O 6. d3 Nd4 7. Qd1 c6 8. Bg5 Be7 9. Nf3 d6 10. O-O Be6 11. e3 h6 12. exd4 hxg5 13. dxe5 dxe5 14. Nxe5 Qa5 15. Re1 Rad8 16. Qc2 Bd6 17. Nf3 g4 18. Nd4 Bc8 19. Nb3 Qh5 20. Ne4 Nxe4 21. dxe4 Bb4 22. Red1 Qh6 23. c5 a5 24. a3 a4 25. axb4 axb3 26. Qxb3 Be6 27. Qc2 Ra8 28. Rxa8 Rxa8 29. Qe2 Kh7 30. b5 Rh8 31. f3 Kg6 32. Bh1 Bc4 33. Rd6+ f6 34. Qd2 Qh3 35. Qf2 Bxb5 36. fxg4 Qxg4 37. e5 Ra8 38. Qe1 Qe2 39. Be4+ Kf7 40. Qxe2 Bxe2 41. exf6 Ra1+ 42. Kf2 Bg4 43. fxg7 Kxg7 44. Rg6+ 1-0

[Event "Scarborough CC Falling Leaves U1800"]
[Site "Toronto CAN"]
[Date "2012.11.01"]
[Round "1"]
[White "Dattani, Dinesh"]
[Black "Yie, Kevin"]
[Result "0-1"]
[WhiteElo "1419"]
[BlackElo "1629"]
[PlyCount "72"]
[GameId "2160767909572859"]
[EventDate "2012.01.11"]
[EventType "swiss"]
[EventRounds "7"]
[EventCountry "CAN"]

1. e4 e5 2. g3 Nc6 3. Bg2 Nf6 4. Nc3 Bc5 5. Na4 Bb4 6. c3 Be7 7. d4 exd4 8. cxd4 Bb4+ 9. Nc3 d6 10. Nge2 h6 11. d5 Bxc3+ 12. bxc3 Ne7 13. Bb2 Ng6 14. O-O O-O 15. c4 Re8 16. Qc2 a6 17. Nd4 Bd7 18. Rfe1 b5 19. Nc6 Bxc6 20. dxc6 Ne5 21. cxb5 axb5 22. Bf1 Nf3+ 23. Kg2 Nxe1+ 24. Rxe1 Rxa2 25. Bxb5 Qb8 26. Qb3 Ra5 27. Bc4 Qxb3 28. Bxb3 Rxe4 29. Rd1 Re7 30. Rd3 Ng4 31. Rf3 Ne5 32. Re3 Nxc6 33. Rc3 Ne5 34. Re3 Kf8 35. f4 Ng6 36. Bxg7+ Kxg7 0-1

[Event "Scarborough CC Falling Leaves U1800"]
[Site "Toronto CAN"]
[Date "2012.11.08"]
[Round "2"]
[White "Crnilovic, Grisha"]
[Black "Armstrong, Robert J"]
[Result "0-1"]
[WhiteElo "1477"]
[BlackElo "1606"]
[PlyCount "46"]
[GameId "2160767909572860"]
[EventDate "2012.01.11"]
[EventType "swiss"]
[EventRounds "7"]
[EventCountry "CAN"]

1. e4 g6 2. d4 Bg7 3. Nf3 d6 4. Bc4 Nf6 5. e5 dxe5 6. Nxe5 O-O 7. Be3 Nbd7 8. f4 Nb6 9. Bb3 Nbd5 10. Bc1 a5 11. c4 Nb4 12. O-O a4 13. Bxa4 c5 14. d5 Bf5 15. a3 Nd3 16. Nxd3 Bxd3 17. Qxd3 Rxa4 18. Nc3 Ra6 19. Be3 Qc7 20. Nb5 Qc8 21. Rac1 Ng4 22. Nc3 Nxe3 23. Qxe3 Bd4 0-1

[Event "Scarborough CC Falling Leaves U1800"]
[Site "Toronto CAN"]
[Date "2012.11.15"]
[Round "3"]
[White "Armstrong, Robert J"]
[Black "Rutherdale, William"]
[Result "0-1"]
[WhiteElo "1606"]
[BlackElo "1648"]
[PlyCount "58"]
[GameId "2160767909572861"]
[EventDate "2012.01.11"]
[EventType "swiss"]
[EventRounds "7"]
[EventCountry "CAN"]

1. g3 Nf6 2. Bg2 d5 3. c4 c6 4. cxd5 cxd5 5. Qb3 e6 6. Nc3 Be7 7. d3 Nbd7 8. d4 O-O 9. Bg5 a6 10. h4 h6 11. Bf4 b5 12. h5 Bb7 13. f3 Nb6 14. g4 Bd6 15. Be5 Nc4 16. Bxd6 Qxd6 17. Kf2 Qf4 18. Bh3 Qxd4+ 19. Ke1 Qd2+ 20. Kf2 Nxb2 21. Nd1 Nxd1+ 22. Rxd1 Qf4 23. Kg2 d4 24. a4 Nd5 25. Rd3 Ne3+ 26. Kf2 Bd5 27. Qb2 e5 28. axb5 axb5 29. Qxb5 Bc4 0-1

[Event "Scarborough CC Falling Leaves U1800"]
[Site "Toronto CAN"]
[Date "2012.11.15"]
[Round "3"]
[White "Gillis, Doug"]
[Black "Crnilovic, Grisha"]
[Result "0-1"]
[WhiteElo "1487"]
[BlackElo "1477"]
[PlyCount "70"]
[GameId "2160767909572862"]
[EventDate "2012.01.11"]
[EventType "swiss"]
[EventRounds "7"]
[EventCountry "CAN"]

1. d4 Nf6 2. Nc3 g6 3. e4 d6 4. h3 Bg7 5. Nf3 Nbd7 6. Be3 O-O 7. Qd2 e5 8. O-O-O Ne8 9. Bc4 Kh8 10. h4 Nb6 11. Bb3 Bg4 12. dxe5 Qe7 13. Bg5 f6 14. exf6 Bxf6 15. Bxf6+ Qxf6 16. Qd4 Qxd4 17. Rxd4 Bxf3 18. gxf3 Rxf3 19. Nd5 Rxf2 20. Nxb6 axb6 21. Rd2 Rf4 22. Re2 Nf6 23. e5 dxe5 24. Rxe5 Re8 25. Rxe8+ Nxe8 26. Re1 Nd6 27. Re7 Rxh4 28. Rxc7 g5 29. Rd7 Ne4 30. Kd1 Nc5 31. Rd6 g4 32. Bd5 g3 33. Rd8+ Kg7 34. Rg8+ Kf6 35. Rxg3 Rd4+ 0-1

[Event "Scarborough CC Falling Leaves U1800"]
[Site "Toronto CAN"]
[Date "2012.11.22"]
[Round "4"]
[White "Thanabalachandran, Kajan"]
[Black "Armstrong, Robert J"]
[Result "1-0"]
[WhiteElo "1668"]
[BlackElo "1606"]
[PlyCount "91"]
[GameId "2160767909572863"]
[EventDate "2012.01.11"]
[EventType "swiss"]
[EventRounds "7"]
[EventCountry "CAN"]

1. e4 g6 2. d4 Bg7 3. Nf3 d6 4. Nc3 Nf6 5. Bc4 Nxe4 6. Bxf7+ Kxf7 7. Nxe4 Re8 8. O-O Kg8 9. c3 d5 10. Nc5 b6 11. Nd3 Nc6 12. Bf4 Bg4 13. Re1 Qc8 14. h3 Bf5 15. Qd2 Be4 16. Nfe5 Nxe5 17. Bxe5 Bxd3 18. Qxd3 c5 19. Bxg7 Kxg7 20. Rad1 e6 21. Re5 Qd8 22. Rde1 Qf6 23. dxc5 bxc5 24. Qe3 d4 25. cxd4 cxd4 26. Qxd4 Re7 27. Qe4 Rae8 28. f4 Kf7 29. g4 Qh4 30. Kg2 Qf6 31. f5 gxf5 32. gxf5 exf5 33. Rxe7+ Rxe7 34. Qxe7+ Qxe7 35. Rxe7+ Kxe7 36. Kf3 Ke6 37. Kf4 Kd5 38. Kxf5 Kd4 39. h4 Kd3 40. h5 Kc2 41. b4 Kb2 42. h6 Kxa2 43. Kf6 Kb3 44. b5 Kb4 45. Kg7 Kxb5 46. Kxh7 1-0

[Event "Scarborough CC Falling Leaves U1800"]
[Site "Toronto CAN"]
[Date "2012.11.29"]
[Round "5"]
[White "Armstrong, Robert J"]
[Black "Thornton, Bill"]
[Result "1/2-1/2"]
[WhiteElo "1606"]
[BlackElo "1493"]
[PlyCount "126"]
[GameId "2160767909572864"]
[EventDate "2012.01.11"]
[EventType "swiss"]
[EventRounds "7"]
[EventCountry "CAN"]

1. g3 Nf6 2. Bg2 g6 3. c4 Bg7 4. Qb3 c6 5. Nc3 d6 6. d3 e5 7. Bg5 O-O 8. h4 h5 9. e4 Nbd7 10. f4 Nc5 11. Qc2 a5 12. Bh3 Qb6 13. Bxc8 Raxc8 14. Bxf6 Bxf6 15. f5 Nd7 16. Qd2 Kh7 17. Nf3 Qc5 18. fxg6+ fxg6 19. Rf1 Rce8 20. O-O-O b5 21. cxb5 cxb5 22. Kb1 b4 23. Nd5 Kg7 24. Ng5 Qd4 25. Nxf6 Nxf6 26. Rc1 Qb6 27. Rf3 d5 28. Rcf1 dxe4 29. dxe4 Rd8 30. Qc2 Qd6 31. Qb3 Rde8 32. Qc4 Re7 33. Qb5 Nh7 34. Rxf8 Nxf8 35. Qe2 Ne6 36. Rd1 Nd4 37. Nf3 Nxe2 38. Rxd6 Nxg3 39. Ng5 Ne2 40. Ra6 Nf4 41. Rxa5 Ng2 42. Nf3 Rf7 43. Nxe5 Rf4 44. Ra6 Nxh4 45. Rb6 Rxe4 46. Nd3 g5 47. Nxb4 g4 48. Nd5 g3 49. Rb7+ Kg6 50. Rb3 g2 51. Rg3+ Kf5 52. Kc2 Re1 53. Rxg2 Nxg2 54. Kd2 Re8 55. Nc3 h4 56. Ne2 Kg4 57. Ng1 Kg3 58. a4 h3 59. Nxh3 Kxh3 60. Kc3 Ne3 61. b4 Nd5+ 62. Kc4 Nb6+ 63. Kb3 Nxa4 1/2-1/2